Ayer
I tiakina i:
| Kaituhi matua: | |
|---|---|
| Hōputu: | Pukapuka |
| Reo: | Pāniora |
| I whakaputaina: |
Santiago
Zig-Zag
1985
|
| Rangatū: | <Los >Grandes de la Literatura Chilena
|
| Ngā marau: | |
| Ngā Tūtohu: |
Tāpirihia he Tūtohu
Kāore He Tūtohu, Me noho koe te mea tuatahi ki te tūtohu i tēnei pūkete!
|
MARC
| LEADER | 00000nam a2200000 a 4500 | ||
|---|---|---|---|
| 001 | UCT4772 | ||
| 003 | CL-VaPUC | ||
| 008 | 961122e19850000CL |||||||||||||||||spa|d | ||
| 082 | 0 | 4 | |a Ch863 |b EMA |2 21 |
| 100 | 0 | |a Emar, Juan |e author |9 374039 | |
| 245 | 1 | 0 | |a Ayer |
| 300 | |a 152 p | ||
| 942 | |c BK | ||
| 945 | |d 19961122 00:00:00 |a rleighto | ||
| 260 | |a Santiago |b Zig-Zag |c 1985 | ||
| 650 | 0 | |a Novelas chilenas |9 265425 | |
| 583 | |a last modification |c 20160520 16:16:30 |k Rodrigo Vera | ||
| 490 | 0 | |a <Los >Grandes de la Literatura Chilena | |
| 999 | |c 253928 |d 253926 | ||
| 952 | |0 0 |1 0 |4 0 |6 CH_863_000000000000000_EMA_1985 |7 0 |8 A |9 275120 |a BIBEDU |b BIBEDU |d 2019-11-19 |i 3253384 |o Ch863 EMA 1985 |p 3253384 |r 2019-11-19 |w 2019-11-19 |y BK |k LIT | ||
| 952 | |0 0 |1 0 |4 0 |6 CH_863_000000000000000_EMA_1985 |7 0 |8 A |9 275121 |a BIBEDU |b BIBEDU |d 2019-11-19 |i 3253554 |o Ch863 EMA 1985 |p 3253554 |r 2019-11-19 |w 2019-11-19 |y BK |k LIT | ||
| 952 | |0 0 |1 0 |4 0 |6 CH_863_000000000000000_EMA_1985 |7 0 |8 A |9 275122 |a BIBEDU |b BIBEDU |d 2019-11-19 |i 1444654 |o Ch863 EMA 1985 |p 1444654 |r 2019-11-19 |w 2019-11-19 |y BK |k LIT | ||
| 952 | |0 0 |1 0 |4 0 |6 CH_863_000000000000000_EMA_1985 |7 0 |8 A |9 275123 |a BIBEDU |b BIBEDU |d 2019-11-19 |i 1444700 |o Ch863 EMA 1985 |p 1444700 |r 2019-11-19 |w 2019-11-19 |y BK |k LIT | ||
| 952 | |0 0 |1 0 |4 0 |6 CH_863_000000000000000_EMA_1985 |7 0 |8 A |9 275124 |a BIBEDU |b BIBEDU |d 2019-11-19 |i 1444751 |o Ch863 EMA 1985 |p 1444751 |r 2019-11-19 |w 2019-11-19 |y BK |k LIT | ||